000 00638cam a2200241 4500
001 J84373
008 090401t1997 xxu||||| |||| 00| 0 eng d
035 _a(Sirsi) u78765
041 _aeng
050 _a333.337
110 _aHillier Parker International
_93321
245 _aFashion designer stores expansion in London and New York.
260 _aLondon
_bHillier Parker
_c1997
300 _a15p. ; 30cm.
350 _a0
520 _aNOT TO BE LOANED OR PHOTOCOPIED.
650 _aFASHION OUTLETS
650 _aLONDON
650 _aNEW YORK
690 _aPROPERTY-COMMERCIAL PROPERTY
942 _n0
948 _c05/06/1997
999 _c96480
_d96480